Ensayos sobre la reforma política/ (Registro nro. 4087)

Detalles MARC
000 -LEADER
campo de control de longitud fija 02100aam a2200457 i 4500
001 - NÚMERO DE CONTROL
campo de control MOR01000004088
005 - FECHA Y HORA DE LA ÚLTIMA TRANSACCIÓN
campo de control 20260331053828.0
007 - CAMPO FIJO DE DESCRIPCIÓN FÍSICA--INFORMACIÓN GENERAL
campo de control de longitud fija ta
008 - DATOS DE LONGITUD FIJA--INFORMACIÓN GENERAL
campo de control de longitud fija 860611m19781979dfm g i z000 0 spa d
020 ## - NÚMERO INTERNACIONAL ESTÁNDAR DEL LIBRO
Número Internacional Estándar del Libro 968-805-007-5 (v. 2)
020 ## - NÚMERO INTERNACIONAL ESTÁNDAR DEL LIBRO
Número Internacional Estándar del Libro 968-805-008-3 (v. 3)
020 ## - NÚMERO INTERNACIONAL ESTÁNDAR DEL LIBRO
Número Internacional Estándar del Libro 968-865-006-7 (v. 1)
035 ## - NÚMERO DE CONTROL DEL SISTEMA
Número de control de sistema 867065
040 ## - FUENTE DE CATALOGACIÓN
Centro catalogador/agencia de origen mxcmmo
Lengua de catalogación spa
Normas de descripción rda
Centro/agencia transcriptor mxcmmo
041 0# - CÓDIGO DE IDIOMA
Código de lengua del texto/banda sonora o título independiente spa
082 04 - NÚMERO DE LA CLASIFICACIÓN DECIMAL DEWEY
Número de clasificación 320.97200637
Número de ítem ENS.s
245 00 - MENCIÓN DEL TÍTULO
Título Ensayos sobre la reforma política/
Mención de responsabilidad, etc. Mario Escurdia... [and others]
264 #1 - PRODUCCIÓN, PUBLICACIÓN, DISTRIBUCIÓN, FABRICACIÓN Y COPYRIGHT
Producción, publicación, distribución, fabricación y copyright México :
Nombre del de productor, editor, distribuidor, fabricante Reforma educativa, Gaceta informativa de la Comisión Federal Electoral,
Fecha de producción, publicación, distribución, fabricación o copyright 1978.
300 ## - DESCRIPCIÓN FÍSICA
Extensión 3 volumen;
Dimensiones 18 cm
336 ## - TIPO DE CONTENIDO
Término de tipo de contenido texto
Código de tipo de contenido txt
Fuente rdacontent
337 ## - TIPO DE MEDIO
Nombre/término del tipo de medio sin medio
Código del tipo de medio n
Fuente rdamedia
338 ## - TIPO DE SOPORTE
Nombre/término del tipo de soporte volumen
Código del tipo de soporte nc
Fuente rdacarrier
490 #0 - MENCIÓN DE SERIE
Mención de serie Reforma politica : serie ensayos
Designación de volumen o secuencia 6,7,9
505 0# - NOTA DE CONTENIDO CON FORMATO
Nota de contenido con formato [volumen 1]. La Ley Federal de Organizaciones Políticas y Procesos Electorales: su mecánica electoral / Mario Ezcurdia -- El referendum en el Distrito Federal / Jaime Muñoz Domínguez -- [volumen 2]. La presentación´popular en una sociedad política pluralista / Antonio Martínez Báez -- ¿Qué es y adónde va la reforma política? / Iván Zavala -- [volumen 3]. Reflexiones sobre la reforma política / Rafael Corrales Ayala -- Teoría y práctica de los sistemas electorales / Pericles Namorado Urritia.
610 #7 - PUNTO DE ACCESO ADICIONAL DE MATERIA--NOMBRE DE ENTIDAD CORPORATIVA
Nombre de entidad corporativa o nombre de jurisdicción como elemento de entrada Mexico
Subencabezamiento de forma Constitucion (1917)
Subdivisión general Reformas, etc.
9 (RLIN) 5508
651 #7 - PUNTO DE ACCESO ADICIONAL DE MATERIA--NOMBRE GEOGRÁFICO
Nombre geográfico México
Subdivisión general Política y gobierno
Subdivisión cronológica 1976-
9 (RLIN) 3441
700 1# - ENTRADA AGREGADA--NOMBRE PERSONAL
Nombre de persona Escurdia, Mario
9 (RLIN) 10052
700 1# - ENTRADA AGREGADA--NOMBRE PERSONAL
Nombre de persona Martínez Báez, Antonio
Fechas asociadas al nombre 1901-
9 (RLIN) 5060
700 1# - ENTRADA AGREGADA--NOMBRE PERSONAL
Nombre de persona Muñoz Domínguez, Jaime
9 (RLIN) 10053
710 2# - ENTRADA AGREGADA--NOMBRE DE ENTIDAD CORPORATIVA
Nombre de entidad corporativa o nombre de jurisdicción como elemento de entrada Comision Federal Electoral (México)
Unidad subordinada Gaceta Informativa
9 (RLIN) 10054
900 ## - ELEMENTOS DE DATOS A LOCAL, LDA (RLIN)
Nombre de persona ALEPH14
Numeración 10
Títulos y otros términos asociados al nombre 20061103
Lenguaje de la obra MOR01
-- 1039
900 ## - ELEMENTOS DE DATOS A LOCAL, LDA (RLIN)
Nombre de persona BATCH-UPD
Numeración 00
Títulos y otros términos asociados al nombre 20120323
Lenguaje de la obra MOR01
-- 1728
900 ## - ELEMENTOS DE DATOS A LOCAL, LDA (RLIN)
Nombre de persona BATCH-UPD
Numeración 10
Títulos y otros términos asociados al nombre 20120321
Lenguaje de la obra MOR01
-- 1642
900 ## - ELEMENTOS DE DATOS A LOCAL, LDA (RLIN)
Nombre de persona BATCH
Numeración 00
Títulos y otros términos asociados al nombre 20120322
Lenguaje de la obra MOR01
-- 1707
900 ## - ELEMENTOS DE DATOS A LOCAL, LDA (RLIN)
Nombre de persona DYNIX
Numeración 00
Títulos y otros términos asociados al nombre 20030304
Lenguaje de la obra MOR01
-- 1715
900 ## - ELEMENTOS DE DATOS A LOCAL, LDA (RLIN)
Nombre de persona MARC21
Numeración 40
Títulos y otros términos asociados al nombre 20140130
Lenguaje de la obra MOR01
-- 1021
900 ## - ELEMENTOS DE DATOS A LOCAL, LDA (RLIN)
Nombre de persona VOBO
Numeración 40
Títulos y otros términos asociados al nombre 20151117
Lenguaje de la obra MOR01
-- 1454
904 ## - ELEMENTOS DE DATOS D LOCAL, LDD (RLIN)
a UPDATE
942 ## - ELEMENTOS DE ENTRADA SECUNDARIOS (KOHA)
Código de la institución [OBSOLETO] BK
901 ## - ELEMENTOS DE DATOS A LOCAL LDA (RLIN)
a batch batch
Existencias
Estatus retirado Estado de pérdida Fuente del sistema de clasificación o colocación Estado de daño No para préstamo Colección Biblioteca de origen Biblioteca actual Ubicación en estantería Fecha de adquisición Enumeración/cronología de publicación seriada Número de inventario Total de préstamos Signatura topográfica completa Código de barras Visto por última vez Precio de reemplazo Tipo de ítem Koha
    Clasificación Decimal Dewey     Libros (General) Biblioteca Instituto Mora Biblioteca Instituto Mora Regular 21/06/1994 v. 2 016364   (G)/320.97200637 ENS.s 33291000117206 03/09/2024 03/09/2024 Libro préstamo regular
    Clasificación Decimal Dewey     Libros (General) Biblioteca Instituto Mora Biblioteca Instituto Mora Regular 17/11/2015 v. 3 16358   (G)/320.97200637 ENS.s 33291000117214 03/09/2024 03/09/2024 Libro préstamo regular
    Clasificación Decimal Dewey     Libros (General) Biblioteca Instituto Mora Biblioteca Instituto Mora Regular 17/11/2015 v. 1 16360   (G)/320.97200637 ENS.s 33291000117222 03/09/2024 03/09/2024 Libro préstamo regular